000 00709nam a22002295b 4500
001 bimo0000460162
003 OSt
005 20140305170652.0
008 951127s1995 esp spa
020 _a84-7979-194-2
040 _aSpMaBN
_bspa
_cBMC
_erdc
082 _a200.320
245 0 4 _aLas políticas de Dios
_cGilles Kepel (dir.) ; traducido del francés por Manuel Serrat Crespo
260 0 _aMadrid
_bAnaya & Mario Muchnik
_c1995
300 _a363 p.
_c22 cm
500 _aÍndice: p. [356-364]
594 _1Traducción de: Les politiques de Dieu
650 2 4 _aReligión y política
_910820
700 1 _aKepel, Gilles‏
_910798
700 1 _aSerrat Crespo, Manuel
_910797
942 _2ddc
_cBK
999 _c5156
_d5156